[Event "Valasska Bystrice op"]
[Site "Valasska Bystrice"]
[Date "2015.09.19"]
[Round "9"]
[White "Micka, Jaroslav"]
[Black "Nytrova, Adela"]
[Result "0-1"]
[WhiteElo "1850"]
[BlackElo "1838"]
[PlyCount "62"]
[EventDate "2015.09.12"]
[EventType "swiss"]
[EventRounds "9"]
[EventCountry "CZE"]
[SourceTitle "EXT 2016"]
[Source "ChessBase"]
[SourceDate "2015.10.08"]
[SourceVersion "1"]
[SourceVersionDate "2015.10.08"]
[SourceQuality "1"]

1. e4 e5 2. Nc3 Nc6 3. Bc4 Nf6 4. d3 Bc5 5. Nf3 d6 6. 0-0 Bg4 7. h3 Bh5 8. g4 Bg6 9. Bg5 h5 10. Nh4 hxg4 11. hxg4 Ne7 12. Bxf6 gxf6 13. Nf5 Bxf5 14. exf5 c6 15. Kg2 d5 16. Bb3 Rg8 17. f3 Nxf5 18. Qd2 Ne3+ 19. Kg3 Nxf1+ 20. Rxf1 Rh8 21. Qe1 Qe7 22. Bxd5 cxd5 23. Nxd5 Qd6 24. Qe4 0-0-0 25. c4 Rh6 26. b4 Bd4 27. f4 Rdh8 28. Qg2 exf4+ 29. Nxf4 Be5 30. Rf3 Bxf4+ 31. Rxf4 Rh3+ 0-1

[Event "Valasska Bystrice op"]
[Site "Valasska Bystrice"]
[Date "2015.09.15"]
[Round "5"]
[White "Nytrova, Adela"]
[Black "Smutek, Vladimir"]
[Result "1-0"]
[WhiteElo "1838"]
[BlackElo "1648"]
[PlyCount "75"]
[EventDate "2015.09.12"]
[EventType "swiss"]
[EventRounds "9"]
[EventCountry "CZE"]
[SourceTitle "EXT 2016"]
[Source "ChessBase"]
[SourceDate "2015.10.08"]
[SourceVersion "1"]
[SourceVersionDate "2015.10.08"]
[SourceQuality "1"]

1. e4 e5 2. Nf3 d6 3. Bc4 Be7 4. d3 Nf6 5. c3 0-0 6. 0-0 c5 7. h3 Nc6 8. Bg5 h6 9. Bh4 a6 10. Na3 Bd7 11. Nc2 Nh7 12. Bg3 Qc8 13. Ne3 Be6 14. Bxe6 Qxe6 15. Nd5 Rac8 16. Nh4 Nf6 17. Nb6 Rb8 18. Nf5 Bd8 19. Nc4 Bc7 20. Bh4 b5 21. Bxf6 Qxf6 22. Nce3 Ne7 23. f4 exf4 24. Rxf4 Rbd8 25. Nxe7+ Qxe7 26. Nd5 Qe5 27. Rf5 Qg3 28. Rf3 Qe5 29. Nxc7 Rd7 30. Nd5 f5 31. Qb3 Rdf7 32. exf5 Kh8 33. Raf1 Rxf5 34. Rxf5 Rxf5 35. Rxf5 Qxf5 36. Ne7 c4 37. Nxf5 cxb3 38. axb3 1-0

[Event "Valasska Bystrice op"]
[Site "Valasska Bystrice"]
[Date "2015.09.14"]
[Round "4"]
[White "Divis, Jan"]
[Black "Nytrova, Adela"]
[Result "1/2-1/2"]
[WhiteElo "1621"]
[BlackElo "1838"]
[PlyCount "27"]
[EventDate "2015.09.12"]
[EventType "swiss"]
[EventRounds "9"]
[EventCountry "CZE"]
[SourceTitle "EXT 2016"]
[Source "ChessBase"]
[SourceDate "2015.10.08"]
[SourceVersion "1"]
[SourceVersionDate "2015.10.08"]
[SourceQuality "1"]

1. d4 d5 2. Bf4 Nf6 3. e3 Bf5 4. Bd3 Bxd3 5. Qxd3 c6 6. Nd2 e6 7. Qb3 Qc8 8. Ngf3 Nbd7 9. c4 Be7 10. h3 b6 11. 0-0 Qb7 12. cxd5 cxd5 13. Rac1 Rc8 14. Ne5 1/2-1/2

[Event "CZE/SVK-chT (Women)"]
[Site "Ricany"]
[Date "2015.06.30"]
[Round "5"]
[White "Korinkova, Eva"]
[Black "Nytrova, Adela"]
[Result "0-1"]
[WhiteElo "1765"]
[BlackElo "1844"]
[PlyCount "72"]
[EventDate "2015.06.27"]
[EventType "team-tourn"]
[EventRounds "7"]
[EventCountry "CZE"]
[SourceTitle "EXT 2017"]
[Source "ChessBase"]
[SourceDate "2016.10.25"]
[SourceVersion "1"]
[SourceVersionDate "2016.10.25"]
[SourceQuality "1"]

1. d4 e6 2. c4 d5 3. e3 Nf6 4. Nf3 c5 5. Nc3 cxd4 6. Nxd4 Bd7 7. cxd5 exd5 8. Qb3 Bc6 9. Bb5 Bxb5 10. Qxb5+ Qd7 11. Qxd7+ Nbxd7 12. 0-0 Bc5 13. Rd1 Bxd4 14. Rxd4 Nb6 15. b3 0-0 16. Ba3 Rfd8 17. Bc5 Rac8 18. Bxb6 axb6 19. Nxd5 Rxd5 20. Rb4 Rdc5 21. g3 Rc1+ 22. Rxc1 Rxc1+ 23. Kg2 Rc6 24. Rd4 Kf8 25. a4 Ke7 26. Kf3 Ke6 27. g4 Nd5 28. b4 b5 29. axb5 Rb6 30. e4 Nc3 31. Ke3 Rxb5 32. f4 Na2 33. Rd2 Nxb4 34. Rb2 Kd6 35. Rd2+ Ke7 36. Rb2 Nd5+ 0-1

[Event "Ostrava op"]
[Site "Ostrava"]
[Date "2010.05.02"]
[Round "2"]
[White "Nytrova, Adela"]
[Black "Balkova, Anna"]
[Result "1/2-1/2"]
[WhiteElo "1820"]
[BlackElo "1885"]
[PlyCount "21"]
[EventDate "2010.05.01"]
[EventType "swiss"]
[EventRounds "9"]
[EventCountry "CZE"]
[SourceTitle "EXT 2011"]
[Source "ChessBase"]
[SourceDate "2010.11.26"]
[SourceVersion "1"]
[SourceVersionDate "2010.11.26"]
[SourceQuality "1"]

1. e4 c5 2. Nf3 Nc6 3. d4 cxd4 4. Nxd4 Nf6 5. Nc3 e5 6. Nb3 Bb4 7. Bg5 h6 8. Bxf6 Qxf6 9. Bc4 Bxc3+ 10. bxc3 0-0 11. 0-0 1/2-1/2

[Event "Ostrava op"]
[Site "Ostrava"]
[Date "2009.05.05"]
[Round "4"]
[White "Chrostek, Lukas"]
[Black "Nytrova, Adela"]
[Result "0-1"]
[WhiteElo "1700"]
[BlackElo "1845"]
[PlyCount "36"]
[EventDate "2009.05.02"]
[EventType "swiss"]
[EventRounds "9"]
[EventCountry "CZE"]
[SourceTitle "EXT 2011"]
[Source "ChessBase"]
[SourceDate "2010.11.26"]
[SourceVersion "1"]
[SourceVersionDate "2010.11.26"]
[SourceQuality "1"]

1. e4 e5 2. Nf3 Nc6 3. d4 exd4 4. Bc4 Nf6 5. 0-0 Bc5 6. e5 d5 7. exf6 dxc4 8. Re1+ Be6 9. fxg7 Rg8 10. Bg5 Qd5 11. Bf6 Qf5 12. Bxd4 0-0-0 13. c3 Nxd4 14. cxd4 Rxg7 15. g3 Qf6 16. Nc3 Bg4 17. Qa4 Qxf3 18. Re8 Bh3 0-1

[Event "Zdar nad Sazavou Vysocina op-A 5th"]
[Site "Zdar nad Sazavou"]
[Date "2008.09.28"]
[Round "9"]
[White "Nytrova, Adela"]
[Black "Olsarova, Karolina"]
[Result "0-1"]
[WhiteElo "1843"]
[BlackElo "2156"]
[PlyCount "96"]
[EventDate "2008.09.20"]
[EventType "swiss"]
[EventRounds "9"]
[EventCountry "CZE"]
[SourceTitle "CBM 126 Extra"]
[Source "ChessBase"]
[SourceDate "2008.11.05"]
[SourceVersion "1"]
[SourceVersionDate "2008.11.05"]
[SourceQuality "1"]

1. e4 e5 2. Nf3 Nc6 3. Bb5 Nf6 4. Nc3 Bb4 5. d3 d6 6. Bg5 0-0 7. Bxc6 bxc6 8. 0-0 h6 9. Bh4 Qe7 10. h3 Qe6 11. Re1 Nh7 12. d4 f6 13. Bg3 Qf7 14. a3 Ba5 15. b4 Bb6 16. Ne2 a5 17. c3 Be6 18. Kh1 Qh5 19. Bh2 Ng5 20. Ng3 Qf7 21. Nh4 Rfe8 22. f3 g6 23. Qd3 Kg7 24. Bg1 Qd7 25. Qf1 Qf7 26. Qd3 Bc4 27. Qc2 Ra7 28. Be3 axb4 29. axb4 Rea8 30. Rxa7 Rxa7 31. f4 exf4 32. Bxf4 Ra2 33. Qb1 Ne6 34. Be3 Kh7 35. Qc1 Ng5 36. Bf4 Qe6 37. Bxg5 hxg5 38. Nf3 g4 39. d5 Qc8 40. Qf4 gxf3 41. Qh4+ Kg7 42. gxf3 Bf2 43. Rb1 Bxg3 44. Qxg3 Qa8 45. Rg1 Qe8 46. Qg4 cxd5 47. exd5 Bxd5 48. c4 Bf7 0-1

[Event "Zdar nad Sazavou Vysocina op-A 5th"]
[Site "Zdar nad Sazavou"]
[Date "2008.09.26"]
[Round "7"]
[White "Nytrova, Adela"]
[Black "Stanek, Stanislav"]
[Result "0-1"]
[WhiteElo "1843"]
[BlackElo "2039"]
[PlyCount "92"]
[EventDate "2008.09.20"]
[EventType "swiss"]
[EventRounds "9"]
[EventCountry "CZE"]
[SourceTitle "CBM 126 Extra"]
[Source "ChessBase"]
[SourceDate "2008.11.05"]
[SourceVersion "1"]
[SourceVersionDate "2008.11.05"]
[SourceQuality "1"]

1. e4 e5 2. Nf3 d6 3. d4 Qe7 4. dxe5 dxe5 5. Nc3 c6 6. Bc4 Bg4 7. 0-0 Nd7 8. h3 Bh5 9. a3 Qd6 10. Qxd6 Bxd6 11. g4 Bg6 12. Rd1 Bc7 13. Ng5 Nb6 14. Bb3 h6 15. Nf3 Nf6 16. Re1 Nbd7 17. Nh4 Nc5 18. Nxg6 Nxb3 19. cxb3 fxg6 20. f4 0-0-0 21. fxe5 Bxe5 22. Be3 Rd3 23. Rac1 Bxc3 24. Rxc3 Rxc3 25. bxc3 b6 26. e5 Nd5 27. Bd4 c5 28. c4 Nc7 29. Ba1 Ne6 30. Kg2 Kd7 31. b4 Rc8 32. b5 g5 33. a4 Ke7 34. Bc3 Rd8 35. Kf2 Nf4 36. Re3 Ke6 37. Kg3 Rd3 38. Rxd3 Nxd3 39. Kf3 g6 40. Ke4 Nf2+ 41. Kf3 Nxh3 42. Ke3 h5 43. Kf3 Nf4 44. a5 Nd3 45. axb6 axb6 46. gxh5 gxh5 0-1

[Event "Zdar nad Sazavou Vysocina op-A 5th"]
[Site "Zdar nad Sazavou"]
[Date "2008.09.24"]
[Round "5"]
[White "Olsarova, Tereza"]
[Black "Nytrova, Adela"]
[Result "1-0"]
[WhiteElo "2075"]
[BlackElo "1843"]
[PlyCount "79"]
[EventDate "2008.09.20"]
[EventType "swiss"]
[EventRounds "9"]
[EventCountry "CZE"]
[SourceTitle "CBM 126 Extra"]
[Source "ChessBase"]
[SourceDate "2008.11.05"]
[SourceVersion "1"]
[SourceVersionDate "2008.11.05"]
[SourceQuality "1"]

1. e4 c5 2. Nf3 Nc6 3. d4 cxd4 4. Nxd4 Nf6 5. Nc3 e5 6. Ndb5 d6 7. Bg5 a6 8. Na3 b5 9. Nd5 Be7 10. Bxf6 Bxf6 11. c3 0-0 12. Nc2 Bg5 13. a4 bxa4 14. Rxa4 f5 15. exf5 Bxf5 16. Bxa6 Rb8 17. b4 Bh4 18. 0-0 Qg5 19. Nce3 Ne7 20. Bc4 Kh8 21. b5 Be4 22. Nxe7 Qxe7 23. Bd5 Bg6 24. Bc6 Qf6 25. g3 Bg5 26. Nc4 Rfd8 27. Qe2 e4 28. f4 exf3 29. Rxf3 Qe7 30. Qxe7 Bxe7 31. Ra7 d5 32. Rxe7 dxc4 33. Rd7 Rdc8 34. Rf4 Bd3 35. Rff7 g5 36. Rb7 Ra8 37. Ra7 Rab8 38. Rfb7 Kg8 39. Rxb8 Rxb8 40. Ra8 1-0

[Event "Zdar nad Sazavou Vysocina op-A 5th"]
[Site "Zdar nad Sazavou"]
[Date "2008.09.20"]
[Round "1"]
[White "Svoboda, Vaclav1111"]
[Black "Nytrova, Adela"]
[Result "1-0"]
[WhiteElo "2254"]
[BlackElo "1843"]
[PlyCount "47"]
[EventDate "2008.09.20"]
[EventType "swiss"]
[EventRounds "9"]
[EventCountry "CZE"]
[SourceTitle "CBM 126 Extra"]
[Source "ChessBase"]
[SourceDate "2008.11.05"]
[SourceVersion "1"]
[SourceVersionDate "2008.11.05"]
[SourceQuality "1"]

1. e4 e5 2. Nf3 Nc6 3. Bb5 a6 4. Ba4 b5 5. Bb3 Nf6 6. d3 Bc5 7. c3 d6 8. 0-0 Bg4 9. h3 Bh5 10. Re1 0-0 11. Bg5 Rb8 12. g4 Bg6 13. Nbd2 Ba7 14. Nf1 Re8 15. Ng3 Na5 16. h4 Nxb3 17. axb3 Qd7 18. Rxa6 Ra8 19. Qa1 Qxg4 20. Kg2 Nh5 21. Nh2 Nf4+ 22. Bxf4 Qxf4 23. Rxa7 Rxa7 24. Qxa7 1-0

[Event "CZE-ch U16 Girls"]
[Site "Sec u Chrudimi"]
[Date "2008.03.15"]
[Round "9"]
[White "Nytrova, Adela"]
[Black "Nemcova, Karolina"]
[Result "0-1"]
[WhiteElo "1861"]
[BlackElo "2051"]
[PlyCount "44"]
[EventDate "2008.03.08"]
[EventType "swiss"]
[EventRounds "9"]
[EventCountry "CZE"]
[SourceTitle "EXT 2009"]
[Source "ChessBase"]
[SourceDate "2008.11.26"]
[SourceVersion "1"]
[SourceVersionDate "2008.11.26"]
[SourceQuality "1"]

1. e4 d5 2. exd5 Qxd5 3. Nc3 Qa5 4. d4 c6 5. Bd2 Qc7 6. Bd3 Nf6 7. h3 e6 8. Nf3 Bd6 9. 0-0 Nbd7 10. Re1 Nb6 11. Ne2 Nbd5 12. c4 Nb4 13. Bb1 Na6 14. c5 Be7 15. a3 Qd8 16. Ne5 Nc7 17. Nc3 Qxd4 18. b4 0-0 19. Re3 Ncd5 20. Nxd5 Nxd5 21. Re1 Bf6 22. Qe2 Bxe5 0-1

[Event "CZE-ch U16 Girls"]
[Site "Sec u Chrudimi"]
[Date "2008.03.10"]
[Round "3"]
[White "Nytrova, Adela"]
[Black "Janouchova, Marcela"]
[Result "1-0"]
[WhiteElo "1861"]
[BlackElo "1516"]
[PlyCount "53"]
[EventDate "2008.03.08"]
[EventType "swiss"]
[EventRounds "9"]
[EventCountry "CZE"]
[SourceTitle "EXT 2009"]
[Source "ChessBase"]
[SourceDate "2008.11.26"]
[SourceVersion "1"]
[SourceVersionDate "2008.11.26"]
[SourceQuality "1"]

1. e4 Nf6 2. e5 Nd5 3. d4 d6 4. exd6 cxd6 5. c4 Nb6 6. Nf3 Bg4 7. Be2 N8d7 8. b3 g6 9. Bb2 Bg7 10. 0-0 0-0 11. Nbd2 Re8 12. h3 Bxf3 13. Bxf3 Rb8 14. Rb1 e5 15. Ne4 Nf6 16. Nxd6 Qxd6 17. c5 Qd8 18. cxb6 Qxb6 19. dxe5 Red8 20. Qe2 Nd7 21. Rfd1 Qa5 22. e6 Nc5 23. exf7+ Kxf7 24. Bd5+ Kf8 25. Bxg7+ Kxg7 26. Qe7+ Kh6 27. Rd4 1-0

[Event "CZE-ch U16 Girls"]
[Site "Sec u Chrudimi"]
[Date "2008.03.09"]
[Round "2"]
[White "Novotna, Kristyna"]
[Black "Nytrova, Adela"]
[Result "0-1"]
[WhiteElo "1441"]
[BlackElo "1861"]
[PlyCount "82"]
[EventDate "2008.03.08"]
[EventType "swiss"]
[EventRounds "9"]
[EventCountry "CZE"]
[SourceTitle "EXT 2009"]
[Source "ChessBase"]
[SourceDate "2008.11.26"]
[SourceVersion "1"]
[SourceVersionDate "2008.11.26"]
[SourceQuality "1"]

1. e4 e5 2. Nf3 Nc6 3. d4 exd4 4. c3 dxc3 5. Bc4 d6 6. Nxc3 Nf6 7. Qb3 Qe7 8. 0-0 Bd7 9. Nb5 Bg4 10. Ng5 Bh5 11. Nc3 Rb8 12. Nd5 Nxd5 13. exd5 Ne5 14. Bf4 h6 15. Bb5+ Kd8 16. Bxe5 Qxe5 17. Rfe1 hxg5 18. Rxe5 dxe5 19. Re1 Bd6 20. Qh3 g4 21. Qe3 f6 22. Qxa7 Ke7 23. Qe3 Bg6 24. Qg3 f5 25. f3 e4 26. f4 Bf7 27. Qc3 Bxf4 28. g3 Bd6 29. Qxg7 Rbg8 30. Qc3 Bxd5 31. Bc4 Bc5+ 32. Kh1 Bxc4 33. Qxc4 Bd6 34. Rf1 Rg5 35. Qc3 Rgh5 36. Qg7+ Ke6 37. Qg6+ Kd7 38. Qf7+ Kc8 39. Kg1 Rxh2 40. Qxf5+ Kb8 41. Qxe4 Bc5+ 0-1

[Event "CZE-ch U16 Girls"]
[Site "Sec u Chrudimi"]
[Date "2007.03.12"]
[Round "4"]
[White "Valesova, Sarka"]
[Black "Nytrova, Adela"]
[Result "1/2-1/2"]
[WhiteElo "1897"]
[BlackElo "1802"]
[PlyCount "46"]
[EventDate "2007.03.10"]
[EventType "swiss"]
[EventRounds "9"]
[EventCountry "CZE"]
[SourceTitle "EXT 2008"]
[Source "ChessBase"]
[SourceDate "2007.11.25"]
[SourceVersion "1"]
[SourceVersionDate "2007.11.25"]
[SourceQuality "1"]

1. e4 e5 2. Nc3 Nf6 3. Bc4 Nc6 4. d3 Na5 5. Nge2 Nxc4 6. dxc4 Bc5 7. 0-0 d6 8. Bg5 Be6 9. b3 c6 10. Na4 h6 11. Nxc5 dxc5 12. Bxf6 gxf6 13. Qxd8+ Rxd8 14. Rad1 Ke7 15. h3 f5 16. f3 Rhg8 17. Kf2 fxe4 18. fxe4 f5 19. Rxd8 Rxd8 20. Ke3 f4+ 21. Kf2 b5 22. cxb5 cxb5 23. Ke1 b4 1/2-1/2

[Event "CZE-ch U14 Girls"]
[Site "Zlate Hory"]
[Date "2006.03.13"]
[Round "3"]
[White "Strouhalova, Lenka"]
[Black "Nytrova, Adela"]
[Result "0-1"]
[WhiteElo "1328"]
[BlackElo "1655"]
[PlyCount "46"]
[EventDate "2006.03.11"]
[EventType "swiss"]
[EventRounds "9"]
[EventCountry "CZE"]
[SourceTitle "EXT 2008"]
[Source "ChessBase"]
[SourceDate "2007.11.25"]
[SourceVersion "1"]
[SourceVersionDate "2007.11.25"]
[SourceQuality "1"]

1. e4 e5 2. Nf3 Nc6 3. Bc4 Bc5 4. c3 Nf6 5. d4 exd4 6. cxd4 Bb4+ 7. Bd2 Bxd2+ 8. Nbxd2 0-0 9. e5 Nh5 10. d5 Ne7 11. 0-0 b5 12. Bb3 Bb7 13. d6 cxd6 14. exd6 Nc8 15. Nd4 Nf4 16. Qg4 Qf6 17. N2f3 Nxd6 18. Qxd7 Rfd8 19. Qg4 h6 20. h3 Bc8 21. Qh4 g5 22. Qg3 Nf5 23. Nxf5 Ne2+ 0-1

[Event "CZE-ch U14 Girls"]
[Site "Zlate Hory"]
[Date "2006.03.11"]
[Round "1"]
[White "Mala, Michaela"]
[Black "Nytrova, Adela"]
[Result "1/2-1/2"]
[WhiteElo "1250"]
[BlackElo "1655"]
[PlyCount "109"]
[EventDate "2006.03.11"]
[EventType "swiss"]
[EventRounds "9"]
[EventCountry "CZE"]
[SourceTitle "EXT 2008"]
[Source "ChessBase"]
[SourceDate "2007.11.25"]
[SourceVersion "1"]
[SourceVersionDate "2007.11.25"]
[SourceQuality "1"]

1. d4 Nf6 2. c4 e6 3. Nc3 Bb4 4. Bd2 b6 5. Nf3 Bb7 6. g3 0-0 7. Bg2 Nc6 8. e3 Ne7 9. 0-0 d5 10. cxd5 exd5 11. a3 Bxc3 12. Bxc3 a5 13. b4 Ne4 14. Qc2 axb4 15. axb4 Qd7 16. Ne5 Qe6 17. Bb2 f6 18. Nd3 Ng6 19. Qxc7 Ba6 20. Qc2 Rfc8 21. Qe2 Nc3 22. Qd2 Ne4 23. Qe2 Qe7 24. Rfc1 Bxd3 25. Qxd3 Rxa1 26. Rxa1 Qxb4 27. Ba3 Qc3 28. Qxc3 Nxc3 29. Bb4 Ne4 30. Bh3 Re8 31. Ra6 Ng5 32. Bg2 Ne4 33. Rxb6 h5 34. f3 Ng5 35. Kf2 h4 36. Rd6 Rb8 37. Bc3 Rb3 38. Bd2 Rb2 39. Ke2 h3 40. Bf1 Nxf3 41. Kxf3 Rxd2 42. Bxh3 Rxh2 43. Be6+ Kf8 44. Rxd5 Rd2 45. Bf5 Ne5+ 46. Ke4 Nc4 47. Rc5 Nd6+ 48. Kf4 Rf2+ 49. Kg4 Re2 50. Kf4 Rf2+ 51. Kg4 Re2 52. Kf3 Re1 53. Kf2 Ra1 54. Rd5 Ke7 55. e4 1/2-1/2